<?xml version="1.0" encoding="UTF-8"?>
<record
    xmlns:xsi="http://www.w3.org/2001/XMLSchema-instance"
    xsi:schemaLocation="http://www.loc.gov/MARC21/slim http://www.loc.gov/standards/marcxml/schema/MARC21slim.xsd"
    xmlns="http://www.loc.gov/MARC21/slim">

  <leader>04743nam a22006137a 4500</leader>
  <controlfield tag="001">B-262049-062, B-262717-728</controlfield>
  <controlfield tag="003">dpl</controlfield>
  <controlfield tag="005">20080602112520.0</controlfield>
  <controlfield tag="008">080602t        xxu||||| |||| 00| 0 eng d</controlfield>
  <datafield tag="010" ind1=" " ind2=" ">
    <subfield code="a">B-262049-062, B-262717-728</subfield>
  </datafield>
  <datafield tag="020" ind1=" " ind2=" ">
    <subfield code="a">8176932965</subfield>
    <subfield code="c">175.00</subfield>
  </datafield>
  <datafield tag="035" ind1=" " ind2=" ">
    <subfield code="a">B-262049-062, B-262717-728</subfield>
  </datafield>
  <datafield tag="037" ind1=" " ind2=" ">
    <subfield code="a">43796</subfield>
    <subfield code="b">Super Book/23.4.08/27/8.4.08/19.5.08/175.00/</subfield>
  </datafield>
  <datafield tag="040" ind1=" " ind2=" ">
    <subfield code="a">DPL</subfield>
    <subfield code="b">EN</subfield>
  </datafield>
  <datafield tag="082" ind1=" " ind2=" ">
    <subfield code="a">S </subfield>
  </datafield>
  <datafield tag="100" ind1=" " ind2=" ">
    <subfield code="a"> </subfield>
  </datafield>
  <datafield tag="245" ind1=" " ind2=" ">
    <subfield code="a">A treasusry of favourite tales:</subfield>
    <subfield code="b">favourite stories for young children</subfield>
  </datafield>
  <datafield tag="260" ind1=" " ind2=" ">
    <subfield code="a">Belgium</subfield>
    <subfield code="b">Kiddz Bookz</subfield>
    <subfield code="c">2006</subfield>
  </datafield>
  <datafield tag="260" ind1=" " ind2=" ">
    <subfield code="a">New Delhi</subfield>
    <subfield code="b">Super Book Distributors</subfield>
    <subfield code="c">2006</subfield>
  </datafield>
  <datafield tag="270" ind1=" " ind2=" ">
    <subfield code="a">Belgium</subfield>
  </datafield>
  <datafield tag="270" ind1=" " ind2=" ">
    <subfield code="a">F-1/16, Basement Ansari Road, Darya Ganj</subfield>
    <subfield code="b">New Delhi</subfield>
    <subfield code="e">110002</subfield>
  </datafield>
  <datafield tag="300" ind1=" " ind2=" ">
    <subfield code="a">96p.:</subfield>
    <subfield code="b">col. ill.</subfield>
    <subfield code="c">27 cm (Hb)</subfield>
  </datafield>
  <datafield tag="490" ind1=" " ind2=" ">
    <subfield code="a"> </subfield>
  </datafield>
  <datafield tag="942" ind1=" " ind2=" ">
    <subfield code="2">ddc</subfield>
    <subfield code="c">CH</subfield>
    <subfield code="h">S </subfield>
    <subfield code="m">ATR</subfield>
  </datafield>
  <datafield tag="999" ind1=" " ind2=" ">
    <subfield code="c">13349</subfield>
    <subfield code="d">13349</subfield>
  </datafield>
  <datafield tag="952" ind1=" " ind2=" ">
    <subfield code="0">0</subfield>
    <subfield code="1">0</subfield>
    <subfield code="4">0</subfield>
    <subfield code="7">0</subfield>
    <subfield code="8">FIC</subfield>
    <subfield code="a">AG</subfield>
    <subfield code="b">AG</subfield>
    <subfield code="d">2008-06-06</subfield>
    <subfield code="e">Super Book Distributors/23.4.08/27/8.4.08/19.5.08/175.00/</subfield>
    <subfield code="g">175.00</subfield>
    <subfield code="l">0</subfield>
    <subfield code="o">S  / ATR</subfield>
    <subfield code="p">221</subfield>
    <subfield code="r">2014-04-11 00:00:00</subfield>
    <subfield code="t">12</subfield>
    <subfield code="v">175.00</subfield>
    <subfield code="w">2008-09-15</subfield>
    <subfield code="y">CH</subfield>
  </datafield>
  <datafield tag="952" ind1=" " ind2=" ">
    <subfield code="0">0</subfield>
    <subfield code="1">0</subfield>
    <subfield code="4">0</subfield>
    <subfield code="7">0</subfield>
    <subfield code="8">FIC</subfield>
    <subfield code="a">RC</subfield>
    <subfield code="b">RC</subfield>
    <subfield code="d">2008-07-03</subfield>
    <subfield code="g">175.00</subfield>
    <subfield code="l">0</subfield>
    <subfield code="o">S / ATR</subfield>
    <subfield code="p">B-262728</subfield>
    <subfield code="r">2008-09-15 00:00:00</subfield>
    <subfield code="t">2</subfield>
    <subfield code="v">175.00</subfield>
    <subfield code="w">2008-09-15</subfield>
    <subfield code="y">CH</subfield>
  </datafield>
  <datafield tag="952" ind1=" " ind2=" ">
    <subfield code="0">0</subfield>
    <subfield code="1">0</subfield>
    <subfield code="4">0</subfield>
    <subfield code="7">0</subfield>
    <subfield code="8">FIC</subfield>
    <subfield code="a">BL1</subfield>
    <subfield code="b">BL1</subfield>
    <subfield code="d">2008-07-03</subfield>
    <subfield code="g">175.00</subfield>
    <subfield code="l">0</subfield>
    <subfield code="o">S / ATR</subfield>
    <subfield code="p">B-262055</subfield>
    <subfield code="r">2008-09-15 00:00:00</subfield>
    <subfield code="t">1</subfield>
    <subfield code="v">175.00</subfield>
    <subfield code="w">2008-09-15</subfield>
    <subfield code="y">CH</subfield>
  </datafield>
  <datafield tag="952" ind1=" " ind2=" ">
    <subfield code="0">0</subfield>
    <subfield code="1">0</subfield>
    <subfield code="4">0</subfield>
    <subfield code="7">0</subfield>
    <subfield code="8">FIC</subfield>
    <subfield code="a">KGM</subfield>
    <subfield code="b">KGM</subfield>
    <subfield code="d">2008-07-03</subfield>
    <subfield code="g">175.00</subfield>
    <subfield code="l">1</subfield>
    <subfield code="m">1</subfield>
    <subfield code="o">S / ATR</subfield>
    <subfield code="p">B-262056</subfield>
    <subfield code="r">2023-03-02 00:00:00</subfield>
    <subfield code="s">2023-02-07</subfield>
    <subfield code="t">1</subfield>
    <subfield code="v">175.00</subfield>
    <subfield code="w">2008-09-15</subfield>
    <subfield code="y">CH</subfield>
  </datafield>
  <datafield tag="952" ind1=" " ind2=" ">
    <subfield code="0">4</subfield>
    <subfield code="1">6</subfield>
    <subfield code="2">ddc</subfield>
    <subfield code="4">0</subfield>
    <subfield code="7">0</subfield>
    <subfield code="8">FIC</subfield>
    <subfield code="a">PR</subfield>
    <subfield code="b">PR</subfield>
    <subfield code="d">2008-07-03</subfield>
    <subfield code="g">175.00</subfield>
    <subfield code="l">0</subfield>
    <subfield code="o">S / ATR</subfield>
    <subfield code="p">B-262057</subfield>
    <subfield code="r">2008-09-15 00:00:00</subfield>
    <subfield code="t">1</subfield>
    <subfield code="v">175.00</subfield>
    <subfield code="w">2008-09-15</subfield>
    <subfield code="y">CH</subfield>
  </datafield>
  <datafield tag="952" ind1=" " ind2=" ">
    <subfield code="0">0</subfield>
    <subfield code="1">0</subfield>
    <subfield code="4">0</subfield>
    <subfield code="7">0</subfield>
    <subfield code="8">FIC</subfield>
    <subfield code="a">ZLS</subfield>
    <subfield code="b">ZLS</subfield>
    <subfield code="d">2008-07-03</subfield>
    <subfield code="g">175.00</subfield>
    <subfield code="l">0</subfield>
    <subfield code="o">S / ATR</subfield>
    <subfield code="p">B-262058</subfield>
    <subfield code="r">2008-09-15 00:00:00</subfield>
    <subfield code="t">2</subfield>
    <subfield code="v">175.00</subfield>
    <subfield code="w">2008-09-15</subfield>
    <subfield code="y">CH</subfield>
  </datafield>
  <datafield tag="952" ind1=" " ind2=" ">
    <subfield code="0">0</subfield>
    <subfield code="1">0</subfield>
    <subfield code="4">0</subfield>
    <subfield code="7">0</subfield>
    <subfield code="8">NFIC</subfield>
    <subfield code="a">RKP</subfield>
    <subfield code="b">RKP</subfield>
    <subfield code="d">2008-07-03</subfield>
    <subfield code="g">175.00</subfield>
    <subfield code="l">0</subfield>
    <subfield code="o">S / ATR</subfield>
    <subfield code="p">B-262059</subfield>
    <subfield code="r">2008-09-15 00:00:00</subfield>
    <subfield code="t">1</subfield>
    <subfield code="v">175.00</subfield>
    <subfield code="w">2008-09-15</subfield>
    <subfield code="y">CH</subfield>
  </datafield>
  <datafield tag="952" ind1=" " ind2=" ">
    <subfield code="0">1</subfield>
    <subfield code="1">0</subfield>
    <subfield code="4">0</subfield>
    <subfield code="7">0</subfield>
    <subfield code="8">FIC</subfield>
    <subfield code="a">AG</subfield>
    <subfield code="b">AG</subfield>
    <subfield code="d">2008-07-03</subfield>
    <subfield code="g">175.00</subfield>
    <subfield code="l">0</subfield>
    <subfield code="o">S / ATR</subfield>
    <subfield code="p">B-262060</subfield>
    <subfield code="r">2008-09-15 00:00:00</subfield>
    <subfield code="t">1</subfield>
    <subfield code="v">175.00</subfield>
    <subfield code="w">2008-09-15</subfield>
    <subfield code="y">CH</subfield>
  </datafield>
  <datafield tag="952" ind1=" " ind2=" ">
    <subfield code="0">0</subfield>
    <subfield code="1">0</subfield>
    <subfield code="4">0</subfield>
    <subfield code="7">0</subfield>
    <subfield code="8">FIC</subfield>
    <subfield code="a">SP</subfield>
    <subfield code="b">SP</subfield>
    <subfield code="d">2008-07-03</subfield>
    <subfield code="g">175.00</subfield>
    <subfield code="l">0</subfield>
    <subfield code="o">S / ATR</subfield>
    <subfield code="p">B-262061</subfield>
    <subfield code="r">2008-09-15 00:00:00</subfield>
    <subfield code="t">1</subfield>
    <subfield code="v">175.00</subfield>
    <subfield code="w">2008-09-15</subfield>
    <subfield code="y">CH</subfield>
  </datafield>
  <datafield tag="952" ind1=" " ind2=" ">
    <subfield code="0">0</subfield>
    <subfield code="1">0</subfield>
    <subfield code="4">0</subfield>
    <subfield code="7">0</subfield>
    <subfield code="8">FIC</subfield>
    <subfield code="a">JB</subfield>
    <subfield code="b">JB</subfield>
    <subfield code="d">2008-07-03</subfield>
    <subfield code="g">175.00</subfield>
    <subfield code="l">0</subfield>
    <subfield code="o">S / ATR</subfield>
    <subfield code="p">B-262062</subfield>
    <subfield code="r">2008-09-15 00:00:00</subfield>
    <subfield code="t">1</subfield>
    <subfield code="v">175.00</subfield>
    <subfield code="w">2008-09-15</subfield>
    <subfield code="y">CH</subfield>
  </datafield>
  <datafield tag="952" ind1=" " ind2=" ">
    <subfield code="0">0</subfield>
    <subfield code="1">0</subfield>
    <subfield code="4">0</subfield>
    <subfield code="7">0</subfield>
    <subfield code="8">FIC</subfield>
    <subfield code="a">NN</subfield>
    <subfield code="b">NN</subfield>
    <subfield code="d">2008-07-03</subfield>
    <subfield code="g">175.00</subfield>
    <subfield code="l">0</subfield>
    <subfield code="o">S / ATR</subfield>
    <subfield code="p">B-262717</subfield>
    <subfield code="r">2008-09-15 00:00:00</subfield>
    <subfield code="t">1</subfield>
    <subfield code="v">175.00</subfield>
    <subfield code="w">2008-09-15</subfield>
    <subfield code="y">CH</subfield>
  </datafield>
  <datafield tag="952" ind1=" " ind2=" ">
    <subfield code="0">0</subfield>
    <subfield code="1">0</subfield>
    <subfield code="4">0</subfield>
    <subfield code="7">0</subfield>
    <subfield code="8">FIC</subfield>
    <subfield code="a">BL1</subfield>
    <subfield code="b">BL1</subfield>
    <subfield code="d">2008-07-03</subfield>
    <subfield code="g">175.00</subfield>
    <subfield code="l">0</subfield>
    <subfield code="o">S / ATR</subfield>
    <subfield code="p">B-262718</subfield>
    <subfield code="r">2008-09-15 00:00:00</subfield>
    <subfield code="t">1</subfield>
    <subfield code="v">175.00</subfield>
    <subfield code="w">2008-09-15</subfield>
    <subfield code="y">CH</subfield>
  </datafield>
  <datafield tag="952" ind1=" " ind2=" ">
    <subfield code="0">0</subfield>
    <subfield code="1">0</subfield>
    <subfield code="4">0</subfield>
    <subfield code="7">0</subfield>
    <subfield code="8">FIC</subfield>
    <subfield code="a">NRR</subfield>
    <subfield code="b">NRR</subfield>
    <subfield code="d">2008-07-03</subfield>
    <subfield code="g">175.00</subfield>
    <subfield code="l">0</subfield>
    <subfield code="o">S / ATR</subfield>
    <subfield code="p">B-262719</subfield>
    <subfield code="r">2008-09-15 00:00:00</subfield>
    <subfield code="t">1</subfield>
    <subfield code="v">175.00</subfield>
    <subfield code="w">2008-09-15</subfield>
    <subfield code="y">CH</subfield>
  </datafield>
  <datafield tag="952" ind1=" " ind2=" ">
    <subfield code="0">0</subfield>
    <subfield code="1">0</subfield>
    <subfield code="4">0</subfield>
    <subfield code="7">0</subfield>
    <subfield code="8">FIC</subfield>
    <subfield code="a">BKK</subfield>
    <subfield code="b">BKK</subfield>
    <subfield code="d">2008-07-03</subfield>
    <subfield code="g">175.00</subfield>
    <subfield code="l">0</subfield>
    <subfield code="o">S / ATR</subfield>
    <subfield code="p">B-262720</subfield>
    <subfield code="r">2008-09-15 00:00:00</subfield>
    <subfield code="t">1</subfield>
    <subfield code="v">175.00</subfield>
    <subfield code="w">2008-09-15</subfield>
    <subfield code="y">CH</subfield>
  </datafield>
  <datafield tag="952" ind1=" " ind2=" ">
    <subfield code="0">0</subfield>
    <subfield code="1">0</subfield>
    <subfield code="4">0</subfield>
    <subfield code="7">0</subfield>
    <subfield code="8">REF</subfield>
    <subfield code="a">NR</subfield>
    <subfield code="b">NR</subfield>
    <subfield code="d">2008-07-03</subfield>
    <subfield code="g">175.00</subfield>
    <subfield code="l">0</subfield>
    <subfield code="o">S / ATR</subfield>
    <subfield code="p">B-262721</subfield>
    <subfield code="r">2008-09-15 00:00:00</subfield>
    <subfield code="t">1</subfield>
    <subfield code="v">175.00</subfield>
    <subfield code="w">2008-09-15</subfield>
    <subfield code="y">CH</subfield>
  </datafield>
  <datafield tag="952" ind1=" " ind2=" ">
    <subfield code="0">0</subfield>
    <subfield code="1">0</subfield>
    <subfield code="4">0</subfield>
    <subfield code="7">0</subfield>
    <subfield code="8">FIC</subfield>
    <subfield code="a">BN</subfield>
    <subfield code="b">BN</subfield>
    <subfield code="d">2008-07-03</subfield>
    <subfield code="g">175.00</subfield>
    <subfield code="l">2</subfield>
    <subfield code="m">1</subfield>
    <subfield code="o">S / ATR</subfield>
    <subfield code="p">B-262722</subfield>
    <subfield code="r">2021-08-14 00:00:00</subfield>
    <subfield code="s">2021-08-03</subfield>
    <subfield code="t">1</subfield>
    <subfield code="v">175.00</subfield>
    <subfield code="w">2008-09-15</subfield>
    <subfield code="y">CH</subfield>
  </datafield>
  <datafield tag="952" ind1=" " ind2=" ">
    <subfield code="0">0</subfield>
    <subfield code="1">0</subfield>
    <subfield code="2">ddc</subfield>
    <subfield code="4">0</subfield>
    <subfield code="7">0</subfield>
    <subfield code="8">FIC</subfield>
    <subfield code="a">BL4</subfield>
    <subfield code="b">BL4</subfield>
    <subfield code="d">2008-07-03</subfield>
    <subfield code="g">175.00</subfield>
    <subfield code="l">2</subfield>
    <subfield code="o">S / ATR</subfield>
    <subfield code="p">B-262723</subfield>
    <subfield code="r">2020-10-22 00:00:00</subfield>
    <subfield code="s">2020-10-10</subfield>
    <subfield code="t">1</subfield>
    <subfield code="v">175.00</subfield>
    <subfield code="w">2008-09-15</subfield>
    <subfield code="y">CH</subfield>
  </datafield>
  <datafield tag="952" ind1=" " ind2=" ">
    <subfield code="0">0</subfield>
    <subfield code="1">0</subfield>
    <subfield code="4">0</subfield>
    <subfield code="7">0</subfield>
    <subfield code="8">FIC</subfield>
    <subfield code="a">YV</subfield>
    <subfield code="b">YV</subfield>
    <subfield code="d">2008-07-03</subfield>
    <subfield code="g">175.00</subfield>
    <subfield code="l">0</subfield>
    <subfield code="o">S / ATR</subfield>
    <subfield code="p">B-262724</subfield>
    <subfield code="r">2008-09-15 00:00:00</subfield>
    <subfield code="t">1</subfield>
    <subfield code="v">175.00</subfield>
    <subfield code="w">2008-09-15</subfield>
    <subfield code="y">CH</subfield>
  </datafield>
  <datafield tag="952" ind1=" " ind2=" ">
    <subfield code="0">0</subfield>
    <subfield code="1">0</subfield>
    <subfield code="4">0</subfield>
    <subfield code="7">0</subfield>
    <subfield code="8">FIC</subfield>
    <subfield code="a">VV</subfield>
    <subfield code="b">VV</subfield>
    <subfield code="d">2008-07-03</subfield>
    <subfield code="g">175.00</subfield>
    <subfield code="l">0</subfield>
    <subfield code="o">S / ATR</subfield>
    <subfield code="p">B-262725</subfield>
    <subfield code="r">2008-09-15 00:00:00</subfield>
    <subfield code="t">1</subfield>
    <subfield code="v">175.00</subfield>
    <subfield code="w">2008-09-15</subfield>
    <subfield code="y">CH</subfield>
  </datafield>
  <datafield tag="952" ind1=" " ind2=" ">
    <subfield code="0">0</subfield>
    <subfield code="1">0</subfield>
    <subfield code="4">0</subfield>
    <subfield code="7">0</subfield>
    <subfield code="8">FIC</subfield>
    <subfield code="a">JE</subfield>
    <subfield code="b">JE</subfield>
    <subfield code="d">2008-07-03</subfield>
    <subfield code="g">175.00</subfield>
    <subfield code="l">0</subfield>
    <subfield code="o">S / ATR</subfield>
    <subfield code="p">B-262726</subfield>
    <subfield code="r">2008-09-15 00:00:00</subfield>
    <subfield code="t">1</subfield>
    <subfield code="v">175.00</subfield>
    <subfield code="w">2008-09-15</subfield>
    <subfield code="y">CH</subfield>
  </datafield>
  <datafield tag="952" ind1=" " ind2=" ">
    <subfield code="0">0</subfield>
    <subfield code="1">0</subfield>
    <subfield code="4">0</subfield>
    <subfield code="7">0</subfield>
    <subfield code="8">FIC</subfield>
    <subfield code="a">M</subfield>
    <subfield code="b">M</subfield>
    <subfield code="d">2008-07-03</subfield>
    <subfield code="g">175.00</subfield>
    <subfield code="l">0</subfield>
    <subfield code="o">S / ATR</subfield>
    <subfield code="p">B-262049</subfield>
    <subfield code="r">2008-09-15 00:00:00</subfield>
    <subfield code="t">1</subfield>
    <subfield code="v">175.00</subfield>
    <subfield code="w">2008-09-15</subfield>
    <subfield code="y">CH</subfield>
  </datafield>
  <datafield tag="952" ind1=" " ind2=" ">
    <subfield code="0">0</subfield>
    <subfield code="1">0</subfield>
    <subfield code="4">0</subfield>
    <subfield code="7">0</subfield>
    <subfield code="8">FIC</subfield>
    <subfield code="a">RC</subfield>
    <subfield code="b">RC</subfield>
    <subfield code="d">2008-07-03</subfield>
    <subfield code="g">175.00</subfield>
    <subfield code="l">0</subfield>
    <subfield code="o">S / ATR</subfield>
    <subfield code="p">B-262727</subfield>
    <subfield code="r">2008-09-15 00:00:00</subfield>
    <subfield code="t">1</subfield>
    <subfield code="v">175.00</subfield>
    <subfield code="w">2008-09-15</subfield>
    <subfield code="y">CH</subfield>
  </datafield>
  <datafield tag="952" ind1=" " ind2=" ">
    <subfield code="0">0</subfield>
    <subfield code="1">0</subfield>
    <subfield code="4">0</subfield>
    <subfield code="7">0</subfield>
    <subfield code="8">FIC</subfield>
    <subfield code="a">M</subfield>
    <subfield code="b">M</subfield>
    <subfield code="d">2008-07-03</subfield>
    <subfield code="g">175.00</subfield>
    <subfield code="l">0</subfield>
    <subfield code="o">S / ATR</subfield>
    <subfield code="p">B-262050</subfield>
    <subfield code="r">2008-09-15 00:00:00</subfield>
    <subfield code="t">1</subfield>
    <subfield code="v">175.00</subfield>
    <subfield code="w">2008-09-15</subfield>
    <subfield code="y">CH</subfield>
  </datafield>
  <datafield tag="952" ind1=" " ind2=" ">
    <subfield code="0">0</subfield>
    <subfield code="1">0</subfield>
    <subfield code="4">0</subfield>
    <subfield code="7">0</subfield>
    <subfield code="8">FIC</subfield>
    <subfield code="a">M</subfield>
    <subfield code="b">M</subfield>
    <subfield code="d">2008-07-03</subfield>
    <subfield code="g">175.00</subfield>
    <subfield code="l">0</subfield>
    <subfield code="o">S / ATR</subfield>
    <subfield code="p">B-262051</subfield>
    <subfield code="r">2008-09-15 00:00:00</subfield>
    <subfield code="t">1</subfield>
    <subfield code="v">175.00</subfield>
    <subfield code="w">2008-09-15</subfield>
    <subfield code="y">CH</subfield>
  </datafield>
  <datafield tag="952" ind1=" " ind2=" ">
    <subfield code="0">4</subfield>
    <subfield code="1">0</subfield>
    <subfield code="4">0</subfield>
    <subfield code="7">0</subfield>
    <subfield code="8">FIC</subfield>
    <subfield code="a">M</subfield>
    <subfield code="b">M</subfield>
    <subfield code="d">2008-07-03</subfield>
    <subfield code="g">175.00</subfield>
    <subfield code="l">0</subfield>
    <subfield code="o">S / ATR</subfield>
    <subfield code="p">B-262052</subfield>
    <subfield code="r">2008-09-15 00:00:00</subfield>
    <subfield code="t">1</subfield>
    <subfield code="v">175.00</subfield>
    <subfield code="w">2008-09-15</subfield>
    <subfield code="y">CH</subfield>
    <subfield code="z">Written off on approval by DLB (By Circulation); dtd 15-06-2023</subfield>
  </datafield>
  <datafield tag="952" ind1=" " ind2=" ">
    <subfield code="0">0</subfield>
    <subfield code="1">0</subfield>
    <subfield code="4">0</subfield>
    <subfield code="7">0</subfield>
    <subfield code="8">FIC</subfield>
    <subfield code="a">M</subfield>
    <subfield code="b">M</subfield>
    <subfield code="d">2008-07-03</subfield>
    <subfield code="g">175.00</subfield>
    <subfield code="l">0</subfield>
    <subfield code="o">S / ATR</subfield>
    <subfield code="p">B-262053</subfield>
    <subfield code="r">2008-09-15 00:00:00</subfield>
    <subfield code="t">1</subfield>
    <subfield code="v">175.00</subfield>
    <subfield code="w">2008-09-15</subfield>
    <subfield code="y">CH</subfield>
  </datafield>
  <datafield tag="952" ind1=" " ind2=" ">
    <subfield code="0">0</subfield>
    <subfield code="1">0</subfield>
    <subfield code="4">0</subfield>
    <subfield code="7">0</subfield>
    <subfield code="8">FIC</subfield>
    <subfield code="a">L</subfield>
    <subfield code="b">L</subfield>
    <subfield code="d">2008-07-03</subfield>
    <subfield code="g">175.00</subfield>
    <subfield code="l">0</subfield>
    <subfield code="o">S / ATR</subfield>
    <subfield code="p">B-262054</subfield>
    <subfield code="r">2008-09-15 00:00:00</subfield>
    <subfield code="t">1</subfield>
    <subfield code="v">175.00</subfield>
    <subfield code="w">2008-09-15</subfield>
    <subfield code="y">CH</subfield>
  </datafield>
  <datafield tag="952" ind1=" " ind2=" ">
    <subfield code="0">0</subfield>
    <subfield code="1">0</subfield>
    <subfield code="4">0</subfield>
    <subfield code="7">0</subfield>
    <subfield code="8">FIC</subfield>
    <subfield code="a">VP</subfield>
    <subfield code="b">VP</subfield>
    <subfield code="d">2008-09-10</subfield>
    <subfield code="e">Super Book/45019/4.8.08/214/21.7.08/13.8.08</subfield>
    <subfield code="g">175.00</subfield>
    <subfield code="l">9</subfield>
    <subfield code="o">S  ATR</subfield>
    <subfield code="p">B-284435</subfield>
    <subfield code="r">2022-03-12 00:00:00</subfield>
    <subfield code="s">2021-09-29</subfield>
    <subfield code="t">1</subfield>
    <subfield code="v">175.00</subfield>
    <subfield code="w">2008-09-15</subfield>
    <subfield code="y">CH</subfield>
  </datafield>
</record>
